LEADER 01783nam0 22003133i 450 001 MIL0741354 005 20251003044237.0 010 $a9788846492258 100 $a20130827d2007 ||||0itac50 ba 101 | $aita$cita 102 $ait 181 1$6z01$ai $bxxxe 182 1$6z01$an 183 1$6z01$anc$2RDAcarrier 200 1 $aAgricoltura, sviluppo rurale e politica regionale nell'Unione Europea$eprofili concorrenti nella programmazione e nella pianificazione dei territori rurali$fStefano Pareglio 210 $aMilano$cF. Angeli$dc2007 215 $a297 p.$d23 cm. 225 | $aEconomia$i. Ricerche$v574 410 0$1001CFI0639244$12001 $aEconomia$i. Ricerche$v574 500 11$aAgricoltura, sviluppo rurale e politica regionale nell'Unione Europea : profili concorrenti nella programmazione e nella pianificazione dei territori rurali$3UBO4686942$9BVEV022578$94401988 676 $a338.184$9AGRICOLTURA. POLITICHE DEL GOVERNO. Europa$v21 801 3$aIT$bIT-000000$c20130827 850 $aIT-BN0095 901 $bNAP 01$cPOZZO LIB.$nVi sono collocati fondi di economia, periodici di ingegneria e scienze, periodici di economia e statistica e altri fondi comprendenti documenti di economia pervenuti in dono. 912 $aMIL0741354 950 0$aBiblioteca Centralizzata di Ateneo$c1 v.$d 01POZZO LIB.ECON MON 5436$e 0101 0800211295E VMA 1 v.$fB $h20210330$i20210330$c1 v.$d 01POZZO LIB.ECON MON 5437$e 0101 0800211305E VMA 1 v.$fB $h20210330$i20210330 977 $a 01 996 $aAgricoltura, sviluppo rurale e politica regionale nell'Unione Europea : profili concorrenti nella programmazione e nella pianificazione dei territori rurali$94401988 997 $aUNISANNIO